Countries with the highest elevated vineyards - Statistics

General Stats
  • This quiz has been taken 15 times
  • The average score is 21 of 24
Answer Stats
Meters Country Continent % Correct
3329 Argentina South America
100%
3380 Chile South America
100%
1510 Italy Europe
100%
2286 Mexico North America
100%
1700 Spain Europe
100%
1975 United States of America North America
100%
1750 Armenia Asia
93%
1360 Australia Oceania
93%
3563 China Asia
93%
1300 France Europe
93%
2100 Kenya Africa
93%
1600 Nepal Asia
93%
3300 Peru South America
93%
1700 South Africa Africa
93%
1770 Turkey Asia
93%
2789 Bhutan Asia
86%
2450 Bolivia South America
86%
2450 Ecuador South America
86%
1427 Brazil South America
79%
2300 Costa Rica North America
79%
1495 Cyprus Asia/Europe
79%
1400 Madagascar Africa
64%
2450 Lebanon Asia
57%
1900 Cape Verde Africa
43%
No matching quizzes found
Score Distribution
Percent of People with Each Score
Percentile by Number Answered
Your Score History
You have not taken this quiz